Palabras de Juan Bosch : (Registro nro. 7921)
[ vista simple ]
| 000 -LIDER | |
|---|---|
| fixed length control field | 00683nam a2200229 u 4500 |
| 001 - NÚMERO DE CONTROL | |
| Identificador de número de control | 000020250 |
| 003 - IDENTIFICACDOR DE NÚMERO DE CONTROL | |
| control field | DO-SdBNP |
| 005 - DATE AND TIME OF LATEST TRANSACTION | |
| control field | 20150619094414.0 |
| 008 - ELEMENTOS DE LONGITUD FIJA | |
| fixed length control field | 100802s2006 dr a r 000 j spa d |
| 040 ## - FUENTE DE CATALOGACIÓN | |
| Agencia que crea de manera original el registro | BPJMB |
| Idioma de catalogación | spa |
| Agencia que realiza la transcripción | BPJMB |
| 092 ## - LOCALLY ASSIGNED DEWEY DECIMAL CALL NUMBER | |
| Número de clasificación | RD863.44 |
| 100 1# - ASIENTO PRINCIPAL -- NOMBRE PERSONAL | |
| Nombre personal | Bosch, Juan, |
| Numeración | B742p |
| Fechas asociadas con el nombre | 1909-2001 |
| 245 10 - MENCIÓN DE TITULO | |
| Título | Palabras de Juan Bosch : |
| Subtítulo | cuentos / |
| Mención de responsabilidad | Juan Bosch. |
| 260 ## - PUBLICACIÓN, DISTRIBUCIÓN, ETC. (PIE DE IMPRENTA) | |
| Lugar de publicación, distribución, etc | Santo Domingo : |
| Nombre del editor, distribuidor, etc. | Fundación Juan Bosch, |
| Fecha de publicación, distribución, etc | 2006. |
| 300 ## - DESCRIPCIÓN FÍSICA | |
| Extensión | 17 p. : |
| Otros detalles físicos | il. ; |
| Dimensiones | 19 cm. |
| 500 ## - NOTA GENERAL | |
| Nota general | Incluye CD. |
| 650 #4 - ENCABEZAMIENTO DE MATERIA--TEMÁTICO | |
| Término temático o nombre geográfico como elemento de entrada | CUENTOS DOMONICANOS |
| 650 #4 - ENCABEZAMIENTO DE MATERIA--TEMÁTICO | |
| Término temático o nombre geográfico como elemento de entrada | LITERATURA DOMINICANA |
| 942 ## - ADDED ENTRY ELEMENTS (KOHA) | |
| Source of classification or shelving scheme | Dewey Decimal Classification |
| Koha item type | Libros |
| 956 ## - LOCAL ELECTRONIC LOCATION AND ACCESS (OCLC) | |
| Nombre de host | TMEREDITH |
| Número de acceso | 10 |
| Información de compresión | 20100802 |
| Inicio de sesión | BND02 |
| Procesador de solicitud | 1223 |
| 956 ## - LOCAL ELECTRONIC LOCATION AND ACCESS (OCLC) | |
| Nombre de host | TMEREDITH |
| Número de acceso | 10 |
| Información de compresión | 20100802 |
| Inicio de sesión | BND02 |
| Procesador de solicitud | 1231 |
No hay ítems disponibles.